| 000 | nam a22 7a 4500 | ||
|---|---|---|---|
| 999 |
_c7160 _d7160 |
||
| 003 | OSt | ||
| 005 | 20181008160109.0 | ||
| 008 | 181008s2018 sp ||||g |||||0|| 0dcat|d | ||
| 020 | _a9788499425535 | ||
| 040 |
_aES-BaCBU _bcat _cCDMR |
||
| 245 | 1 | 0 |
_aChina Fast Forward _c/ Sergi Vicente |
| 260 |
_aBarcelona : _bPenĂnsula, _c2018 |
||
| 300 |
_a424 p. ; _c21 cm |
||
| 650 | 0 | 0 |
_aReportatges _93352 |
| 700 | 1 |
_aVicente, Sergi, _d1975- |
|
| 942 | _cMON | ||